Il dossier della "domus divina" in Egitto /

محفوظ في:

المؤلف الرئيسي: Azzarello, Giuseppina (مؤلف)

مؤلفون آخرون: Hickey, T. M.

التنسيق: كتاب

اللغة: Italian
Ancient Greek

منشور في: Berlin ; Boston : Walter de Gruyter, [2012].

سلاسل: Archiv fur Papyrusforschung und verwandte Gebiete. Beiheft, 32.
APF-B ; 32.

الموضوعات:

الوسوم: إضافة وسم

لا توجد وسوم, كن أول من يضع وسما على هذه التسجيلة!

رقم الطلب: PA3339 .A672 no.32

LEADER 01355nam a22003617a 4500
003 OSt
005 20251006074008.0
008 251006t20122012gw a bc 001 0 ita d
010 |a 2012048151 
020 |a 9783110247183 
040 |c ARCE Library 
041 0 |a ita  |a grc 
043 |a f-ua--- 
050 1 4 |a PA3339  |b .A672 no.32 
100 1 |a Azzarello, Giuseppina,  |e author  |9 25957 
245 1 0 |a Il dossier della "domus divina" in Egitto /  |c Giuseppina Azzarello ; con un contributo di T.M. Hickey. 
264 1 |a Berlin ;   |a Boston :   |b Walter de Gruyter,   |c [2012]. 
264 4 |c ©2012. 
300 |a viii, 161 pages :   |b illustrations ;   |c 25 cm. 
490 1 |a Archiv fur Papyrusforschung und verwandte Gebiete. Beiheft,   |x 1868-9337 ;  |v 32. 
490 1 |a APF-B ;   |v 32. 
504 |a Includes bibliographical references and index. 
546 |a Commentary in Italian; texts of papyri in Greek. 
650 0 |a Administration of estates  |z Egypt  |x History  |y To 1500  |v Sources. 
650 0 |a Land tenure  |z Egypt  |x History  |y To 1500  |v Sources. 
651 0 |a Egypt  |x History  |y 30 B.C.-640 A.D.  |v Sources. 
651 0 |a Egypt  |x Social conditions  |v Sources. 
700 1 |a Hickey, T. M. 
830 0 |a Archiv fur Papyrusforschung und verwandte Gebiete. Beiheft,   |x 1868-9337 ;  |v 32. 
830 0 |a APF-B ;   |v 32. 
901 |a reviewed 
942 |c BK  |2 lcc 
999 |c 22358  |d 22358